000 00952cam a2200313u 4500
001 data
005 20260322212123.0
008 data
035 _a7570414
906 _a0
_bcbc
_cpremunv
_du
_encip
_f19
_gy-gencatlg
010 _a 71257119
035 _9(DLC) 71257119
040 _aDLC
_cCarP
_dDLC
043 _aa-th---
050 0 0 _aCT203.T5
_bN3
100 0 _aNakhōn Pinsuwan,
_ecomp.
245 1 0 _aBukkhon samkhan khōng Thai læ sākon.
260 _c[1960]
300 _a5, 112, 96, 112, 128 p.
_c18 cm.
336 _atext
_btxt
_2rdacontent
337 _aunmediated
_bn
_2rdamedia
338 _avolume
_bnc
_2rdacarrier
500 _aRomanized.
650 0 _aBiography.
651 0 _aThailand
_vBiography.
655 7 _aBiographies.
_2lcgft
_0https://id.loc.gov/authorities/genreForms/gf2014026049
991 _bc-GenColl
_hCT203.T5
_iN3 (Orien Thai)
_tCopy 1
_wPREM
999 _c1900
_d1900